[Event "GER-ch Schools U18 Girls"]
[Site "Germany"]
[Date "2010.05.09"]
[Round "7.1"]
[White "Brueser, Antonia"]
[Black "Schellinger, Sara"]
[Result "0-1"]
[WhiteElo "768"]
[BlackElo "800"]
[PlyCount "150"]
[EventDate "2010.05.07"]
[EventType "team-swiss"]
[EventRounds "7"]
[EventCountry "GER"]
[SourceTitle "EXT 2011"]
[Source "ChessBase"]
[SourceDate "2010.11.26"]
[SourceVersion "1"]
[SourceVersionDate "2010.11.26"]
[SourceQuality "1"]
[WhiteTeam "Stella KGS (W)"]
[BlackTeam "Karlsruhe KG (W)"]
[WhiteTeamCountry "GER"]
[BlackTeamCountry "GER"]

1. e4 e5 2. Nf3 Nc6 3. Bc4 Bc5 4. Nc3 Nf6 5. d3 d6 6. Bg5 h6 7. Be3 Bxe3 8. fxe3 0-0 9. d4 exd4 10. exd4 Bg4 11. 0-0 Qd7 12. h3 Bxf3 13. Rxf3 Rfe8 14. Rg3 Re7 15. Qf3 Kh8 16. Ne2 Nxe4 17. Rg4 Nd2 18. Qg3 Nxc4 19. Nf4 Nxd4 20. Nh5 Ne2+ 21. Kh2 Nxg3 22. Rxg3 Rae8 23. Rxg7 Rg8 24. Nf6 Rxg7 25. Nxd7 Rxd7 26. b3 Ne3 27. Re1 Nxg2 28. Re8+ Kh7 29. Re2 Nf4 30. Re4 Nh5 31. Rh4 Rg5 32. Kh1 f6 33. Kh2 Rdg7 34. c4 Rg1 35. Rg4 R1xg4 36. hxg4 Rxg4 37. Kh3 Rg7 38. Kh4 Ng3 39. Kh3 f5 40. Kg2 f4 41. Kf3 Nh5 42. Ke4 c5 43. Kf3 Rg3+ 44. Kf2 f3 45. Ke3 a6 46. Kf2 b5 47. Ke3 bxc4 48. bxc4 Rg2 49. a4 f2 50. Ke2 Kg7 51. Kf1 Rg1+ 52. Kxf2 Rg4 53. Ke3 Rxc4 54. Kd3 Rxa4 55. Kc3 d5 56. Kd3 c4+ 57. Kc3 Ra1 58. Kd4 a5 59. Kc5 a4 60. Kb4 a3 61. Kc3 a2 62. Kb2 Rd1 63. Kxa2 c3 64. Kb3 d4 65. Kc2 Re1 66. Kd3 Nf4+ 67. Kc2 h5 68. Kb3 h4 69. Kc2 h3 70. Kb3 h2 71. Kc2 h1Q 72. Kb3 c2 73. Kxc2 Qh3 74. Kd2 Re2+ 75. Kd1 Qh1# 0-1

[Event "GER-ch Schools U18 Girls"]
[Site "Germany"]
[Date "2010.05.08"]
[Round "5.1"]
[White "Brueser, Antonia"]
[Black "Berdin, Victoria"]
[Result "0-1"]
[WhiteElo "768"]
[BlackElo "1073"]
[PlyCount "122"]
[EventDate "2010.05.07"]
[EventType "team-swiss"]
[EventRounds "7"]
[EventCountry "GER"]
[SourceTitle "EXT 2011"]
[Source "ChessBase"]
[SourceDate "2010.11.26"]
[SourceVersion "1"]
[SourceVersionDate "2010.11.26"]
[SourceQuality "1"]
[WhiteTeam "Stella KGS (W)"]
[BlackTeam "Berlin FvSG (W)"]
[WhiteTeamCountry "GER"]
[BlackTeamCountry "GER"]

1. e4 e5 2. Nf3 Nc6 3. Bc4 Bc5 4. Nc3 d6 5. d3 Nf6 6. Bg5 h6 7. Be3 Bb6 8. Qd2 Bg4 9. h3 Bxf3 10. gxf3 Qd7 11. 0-0-0 0-0-0 12. Bb5 a6 13. Ba4 d5 14. exd5 Nxd5 15. Nxd5 Qxd5 16. f4 Qxa2 17. Qc3 Qxa4 18. fxe5 Bxe3+ 19. fxe3 Qb4 20. Qe1 Qxe1 21. Rhxe1 Nxe5 22. d4 Ng6 23. Rf1 Rhf8 24. Rg1 Rde8 25. Rde1 Re7 26. e4 Rfe8 27. e5 Nf4 28. Rxg7 Nxh3 29. Rg3 Nf4 30. Rf3 Nd5 31. Rf2 h5 32. Rfe2 h4 33. Rg1 f6 34. Rg4 h3 35. Rh4 fxe5 36. Rxe5 Rxe5 37. dxe5 Rxe5 38. Rxh3 Re2 39. Rh7 Nb4 40. Rh8+ Kd7 41. Rh7+ Kc6 42. Rh6+ Kb5 43. Rh5+ c5 44. b3 Rxc2+ 45. Kd1 Rc3 46. Kd2 Rxb3 47. Rh4 a5 48. Rh8 a4 49. Rb8 b6 50. Re8 a3 51. Ra8 a2 52. Kc1 Rb1+ 53. Kd2 a1Q 54. Rxa1 Rxa1 55. Kc3 Ra3+ 56. Kd2 Kc4 57. Ke2 Kd4 58. Kf2 c4 59. Ke2 c3 60. Kd1 Kd3 61. Kc1 Ra1# 0-1

[Event "Mecklenburg VP-ch U12 Girls"]
[Site "Malchow"]
[Date "2010.02.??"]
[Round "3.4"]
[White "Brueser, Antonia"]
[Black "Dorendorf, Lena"]
[Result "1-0"]
[WhiteElo "771"]
[BlackElo "744"]
[PlyCount "87"]
[EventDate "2010.02.10"]
[EventType "tourn"]
[EventRounds "7"]
[EventCountry "GER"]
[SourceTitle "EXT 2022"]
[Source "ChessBase"]
[SourceDate "2021.10.06"]
[SourceVersion "1"]
[SourceVersionDate "2021.10.06"]
[SourceQuality "1"]

1. e4 e5 2. Nf3 Nc6 3. Bc4 Nh6 4. d3 a6 5. Bg5 Be7 6. Bxh6 gxh6 7. Nc3 Bb4 8. Qd2 Qf6 9. 0-0-0 d6 10. Kb1 Bg4 11. h3 Bxf3 12. gxf3 Qxf3 13. Rdf1 Rg8 14. Qxh6 Bxc3 15. bxc3 b5 16. Bd5 Rb8 17. Bxc6+ Kd8 18. Qxh7 Ke7 19. Bd5 Rgf8 20. Rhg1 b4 21. cxb4 Rxb4+ 22. Bb3 Qe2 23. Qh4+ f6 24. Qh7+ Kd8 25. Ka1 Qd2 26. Rg7 Qc3+ 27. Kb1 Qc6 28. Rfg1 Kc8 29. a3 Rb6 30. Kc1 Rd8 31. Be6+ Kb8 32. Bd5 Qc5 33. Rg8 Qxa3+ 34. Kd1 Rb1+ 35. Kd2 Qb4+ 36. c3 Qb2+ 37. Ke3 Kc8 38. Be6+ Kb7 39. Rxd8 Rxg1 40. Rc8 a5 41. Qxc7+ Ka6 42. Bd5 Rf1 43. Bc4+ Qb5 44. Ra8# 1-0